01467nam a2200217Ia 4500008004100000020001500041050001600056100002800072240006100100245017500161260003200336300003600368500006900404500002300473500004900496505058500545650003001130650002901160700002901189700003101218120626s1975 mx a 000 0 spa d a9682403628 aLB1045bB45 aBrown, James W. eautor aAv instruction: technology, media and methodslespañol aInstrucción audio-visualc/ James, W. Brown: Richard, B. Lewis: Fred, F. Harcleroad; traducción de Ricardo, Vinós Cruz Lópezb: Tecnología, medios y métodos  aMéxicob: Trillasc, 1975 a581 páginasb: ilustraciones  aTítulo original: Av instruction: technology, media and methods areimpresión 1990 aIncluye: Indice general, Indice alfabético aLos medios y el enfoque sistemático de la enseñanza y el aprendizaje Cómo elegir, usar y producir medios Los exhibidores y algunos fundamentos de comunicación visual Materiales gráficos Transparencias para retroproyección Imágenes fijas Cine Materiales auditivos Televisión Fotografía Cosas reales, modelos y demostraciones Recursos de la comunidad Juegos, simulaciones y dramatizaciones informales Materiales complementarios, gratuitos y baratos Materiales impresos de texto y consulta Y...¿En el futuro? Secciones de referencia 0aMATERIALES DIDÁCTICOS  0aMATERIALES AUDIOVISUALES aLewis, Richard B.eautor aHarcleroad, Fred F.eautor